| 000 | 00810nam a2200229Ii 4500 | ||
|---|---|---|---|
| 003 | JO-AjNU | ||
| 008 | 230605s9999||||xx |||||||||||||| ||und|| | ||
| 017 | _a2007/5/1551 | ||
| 020 | _a978-9957-16-338-9 | ||
| 040 |
_aJO-AjNU _bara _erda _cJO-AjNU |
||
| 041 | _aara | ||
| 050 | 1 | 4 | _ak2400.f3962.2010 |
| 100 | 3 |
_aسامي ، فوزي محمد ،مؤلف, _eauthor _925350 |
|
| 245 | 0 | 0 | _aالتحكيم التجاري الدولي : دراسة مقارنة لاحكام التحكيم التجاري الدولي |
| 250 | _aط5 | ||
| 264 | 3 | 1 | _aعمان : دار الثقافة ،2010 |
| 300 | _a478ص | ||
| 336 |
_atext _btxt _2rdacontent |
||
| 337 |
_aunmediated _bn _2rdamedia |
||
| 338 |
_avolume _bnc _2rdacarrier |
||
| 650 | 4 |
_aالتجارة الدولية -- التحكيم التجاري _925351 |
|
| 999 |
_aA9470 _c13038 _d13038 |
||